| 000 | 00549nam a2200181Ia 4500 | ||
|---|---|---|---|
| 008 | 100917s9999 xx 000 0 und d | ||
| 082 | _b38672 | ||
| 100 | _aवांळिंबे मोरेश्वर | ||
| 245 | _aशूरा मी वंदिले | ||
| 260 |
_bअरगडे, कुलकर्णी प्रकाशन _c1975 |
||
| 300 | _a64 | ||
| 365 | _b3.5 | ||
| 520 | _a--- | ||
| 630 | _aशूरा मी वंदिले | ||
| 650 | _a--- | ||
| 730 | _aशूरा मी वंदिले | ||
| 942 | _cBOOK | ||
| 999 |
_c644066 _d644063 |
||